000 01232cam a2200325 a 4500
999 _c531942
_d531942
001 15613292
003 NUST
005 20191104160935.0
008 090205s2009 vauab b 001 0 eng
010 _a 2009002098
020 _a9780784409848
020 _a0784409846
035 _a(OCoLC)ocn302098987
038 _aMSOHAIL
040 _aDLC
_cDLC
_dC#P
_dBWX
_dDLC
050 0 0 _aTD763
_b.G639 2009
082 0 0 _a628.2
_222
100 1 _aGrace, Robert A.,
_d1938-
_925125
245 1 0 _aMarine outfall construction :
_bbackground, techniques, and case studies /
_cRobert A. Grace.
260 _aReston, Va. :
_bASCE Press,
_cc2009.
300 _axxviii, 403 p. :
_bill., maps ;
_c26 cm.
504 _aIncludes bibliographical references and index.
650 0 _aSewage disposal in the ocean.
_925126
650 0 _aOcean outfalls
_xDesign and construction
_vCase studies.
_925127
650 0 _aSaline waters.
_925128
856 4 1 _3Table of contents only
_uhttp://www.loc.gov/catdir/toc/fy1002/2009002098.html
906 _a7
_bcbc
_corignew
_d1
_eecip
_f20
_gy-gencatlg
942 _2ddc
_cBK